000 00265 a2200109 4500
001 34645
090 _c22928
_d22928
100 _aBorror, Jeffry A
245 _aObject-Oriented programming with JAVA An ultimate tutorial
260 _aND
_bDreamtech Press
505 _aCD/DVD
942 _aNUST-CAE
999 _c269718
_d269718